[Event "Poznan op 21th"]
[Site "Poznan"]
[Date "2011.08.14"]
[Round "9"]
[White "Przybylski, Wojciech"]
[Black "Nawrocki, Przemyslaw"]
[Result "1-0"]
[WhiteElo "2356"]
[BlackElo "2059"]
[PlyCount "75"]
[EventDate "2011.08.06"]
[EventType "swiss"]
[EventRounds "9"]
[EventCountry "POL"]
[SourceTitle "CBM 143 Extra"]
[Source "ChessBase"]
[SourceDate "2011.08.29"]
[SourceVersion "1"]
[SourceVersionDate "2011.08.29"]
[SourceQuality "1"]

1. e4 c5 2. Nf3 d6 3. d4 cxd4 4. Nxd4 Nf6 5. Nc3 a6 6. Be2 e6 7. 0-0 b5 8. Bf3 Ra7 9. Be3 Rd7 10. Qe2 Bb7 11. a3 Be7 12. g4 d5 13. e5 Ne4 14. Bg2 Nxc3 15. bxc3 Qc7 16. Qd2 0-0 17. f4 Rc8 18. Ne2 Nc6 19. Rf3 Na5 20. Bd4 Bc5 21. Rh3 Nc4 22. Qd3 g6 23. Qg3 f5 24. gxf5 exf5 25. e6 Re7 26. Qxg6+ Rg7 27. Qxf5 Nd6 28. Qe5 Qe7 29. Rg3 Bxd4+ 30. Nxd4 Ne4 31. Bxe4 Rxg3+ 32. hxg3 dxe4 33. Nf5 Qc5+ 34. Qxc5 Rxc5 35. e7 Bc6 36. Nd6 Rxc3 37. f5 Rxg3+ 38. Kh2 1-0

[Event "Poznan op 21th"]
[Site "Poznan"]
[Date "2011.08.07"]
[Round "2"]
[White "Nawrocki, Przemyslaw"]
[Black "Grabianowski, Krystian"]
[Result "0-1"]
[WhiteElo "2059"]
[BlackElo "1860"]
[PlyCount "126"]
[EventDate "2011.08.06"]
[EventType "swiss"]
[EventRounds "9"]
[EventCountry "POL"]
[SourceTitle "CBM 143 Extra"]
[Source "ChessBase"]
[SourceDate "2011.08.29"]
[SourceVersion "1"]
[SourceVersionDate "2011.08.29"]
[SourceQuality "1"]

1. d4 Nf6 2. Nf3 g6 3. c4 Bg7 4. Nc3 d6 5. e4 0-0 6. Be2 Nc6 7. 0-0 e5 8. d5 Ne7 9. b4 a5 10. Ba3 axb4 11. Bxb4 Nd7 12. Nd2 f5 13. f3 c5 14. dxc6 Qb6+ 15. Kh1 Qxb4 16. cxd7 Qxc3 17. dxc8Q Rfxc8 18. Nb3 Rd8 19. Rc1 Qe3 20. Qc2 Rac8 21. Rfe1 Qg5 22. Qd3 Bh6 23. Bf1 Qh5 24. g3 Bxc1 25. Rxc1 Qg5 26. Rd1 f4 27. Kg2 Ra8 28. Nc1 Nc6 29. Qd5+ Kg7 30. Qb5 Qe7 31. Qb2 fxg3 32. hxg3 Nd4 33. Ne2 Nxe2 34. Bxe2 Kg8 35. Qb3 Kh8 36. Rd5 b6 37. a4 Qc7 38. Rb5 Rdb8 39. Bd1 Ra5 40. Rb4 Qc5 41. Be2 Kg7 42. Kf1 Kf8 43. Kg2 Rb7 44. Kf1 Ke8 45. Kg2 Kd8 46. Kf1 Kc7 47. Kg2 Kb8 48. Kf1 Ka7 49. Bd1 Rf7 50. Kg2 h5 51. Qb2 g5 52. Qb3 g4 53. Qc3 Ka8 54. Qb3 Ka7 55. Qb2 Qe3 56. Rb3 Qe1 57. Be2 h4 58. gxh4 Qxh4 59. Rxb6 Qh3+ 60. Kf2 gxf3 61. Rxd6 fxe2+ 62. Ke1 Qf1+ 63. Kd2 e1Q+ 0-1

[Event "Poznan op 20th"]
[Site "Poznan"]
[Date "2011.07.19"]
[Round "4"]
[White "Palasz, Miroslaw"]
[Black "Nawrocki, Przemyslaw"]
[Result "0-1"]
[WhiteElo "1703"]
[BlackElo "2059"]
[PlyCount "58"]
[EventDate "2011.07.16"]
[EventType "swiss"]
[EventRounds "9"]
[EventCountry "POL"]
[SourceTitle "CBM 143 Extra"]
[Source "ChessBase"]
[SourceDate "2011.08.29"]
[SourceVersion "1"]
[SourceVersionDate "2011.08.29"]
[SourceQuality "1"]

1. d4 Nf6 2. Nf3 g6 3. Nc3 d5 4. g3 Bg7 5. Bg2 0-0 6. 0-0 c5 7. Bf4 cxd4 8. Nxd4 Nc6 9. Nf3 Re8 10. Bg5 Ne4 11. Bd2 Nxd2 12. Qxd2 d4 13. Na4 Qd6 14. Rad1 Rb8 15. c4 e5 16. c5 Qe6 17. b4 Qc4 18. Rb1 Qb5 19. Qd1 Bf5 20. Rb2 e4 21. Ng5 d3 22. Qb3 dxe2 23. Qxf7+ Kh8 24. Qb3 Re7 25. Re1 Nd4 26. Nf7+ Rxf7 27. Qxf7 Qxa4 28. Rd2 Qxb4 29. Qc7 Rc8 0-1

[Event "Poznan op 20th"]
[Site "Poznan"]
[Date "2011.07.16"]
[Round "1"]
[White "Nawrocki, Przemyslaw"]
[Black "Jablonski, Grzegorz"]
[Result "1-0"]
[WhiteElo "2059"]
[BlackElo "1618"]
[PlyCount "75"]
[EventDate "2011.07.16"]
[EventType "swiss"]
[EventRounds "9"]
[EventCountry "POL"]
[SourceTitle "CBM 143 Extra"]
[Source "ChessBase"]
[SourceDate "2011.08.29"]
[SourceVersion "1"]
[SourceVersionDate "2011.08.29"]
[SourceQuality "1"]

1. d4 Nf6 2. Nf3 d5 3. c4 c6 4. Nc3 e6 5. Bg5 Be7 6. e3 h6 7. Bh4 0-0 8. Qc2 Qa5 9. Bd3 dxc4 10. Bxc4 b5 11. Bd3 Bb7 12. 0-0 Nbd7 13. Rfd1 Rfe8 14. e4 a6 15. e5 Nd5 16. Bxe7 Nxc3 17. b4 Qa3 18. Rdc1 Rxe7 19. Qxc3 Qxc3 20. Rxc3 Nb6 21. Be4 Rc8 22. Nd2 Rd7 23. Nb3 Nd5 24. Bxd5 exd5 25. Nc5 Re7 26. a4 Rec7 27. a5 Kf8 28. Rac1 Ke7 29. Nxb7 Rxb7 30. Rxc6 Rxc6 31. Rxc6 Ra7 32. f4 g6 33. Kf2 h5 34. h3 Kd7 35. Rd6+ Ke7 36. Rxd5 Ke6 37. Rd6+ Kf5 38. Kf3 1-0

[Event "POL-chT4B 0910"]
[Site "Wielkoposka"]
[Date "2010.05.16"]
[Round "7"]
[White "Nawrocki, Przemyslaw"]
[Black "Czerniejewski, Pawel"]
[Result "1-0"]
[WhiteElo "2036"]
[BlackElo "1600"]
[PlyCount "91"]
[EventDate "2010.01.10"]
[EventType "team-tourn"]
[EventRounds "9"]
[EventCountry "POL"]
[SourceTitle "EXT 2019"]
[Source "ChessBase"]
[SourceDate "2018.10.10"]
[SourceVersion "1"]
[SourceVersionDate "2018.10.10"]
[SourceQuality "1"]
[WhiteTeam "Turek Tecza"]
[BlackTeam "Slesin M-GOK Gambit"]
[WhiteTeamCountry "POL"]
[BlackTeamCountry "POL"]

1. d4 d5 2. Nf3 Nf6 3. c4 e6 4. Nc3 Nc6 5. Bg5 Be7 6. e3 0-0 7. cxd5 Nxd5 8. Bxe7 Qxe7 9. Bd3 Nf6 10. 0-0 b6 11. Rc1 Bb7 12. Bb1 Rad8 13. Qa4 a6 14. a3 b5 15. Qc2 Rc8 16. Ne5 g6 17. Nd3 Nd7 18. d5 exd5 19. Nxd5 Qe4 20. N3f4 Qe5 21. Rfd1 Nb6 22. Qc3 Qxc3 23. Rxc3 Rfd8 24. Rcd3 Nxd5 25. Nxd5 Kf8 26. Nf6 h5 27. Nd7+ Kg7 28. Nc5 Rxd3 29. Rxd3 Ba8 30. Nxa6 Na5 31. Rd7 c5 32. Nc7 Bc6 33. Ne6+ Kf6 34. Rc7 Rxc7 35. Nxc7 Nb3 36. Bc2 c4 37. Bxb3 cxb3 38. Na6 Bd5 39. f3 Ke7 40. Nb4 Be6 41. Nc6+ Kd6 42. Nd4 Kc5 43. Kf2 Bc4 44. Ke1 Be6 45. Kd2 Bc4 46. Kc3 1-0

[Event "POL-chT4B 0910"]
[Site "Wielkoposka"]
[Date "2010.02.07"]
[Round "4"]
[White "Nawrocki, Przemyslaw"]
[Black "Szadkowski, Kamil"]
[Result "1/2-1/2"]
[WhiteElo "2036"]
[BlackElo "2159"]
[PlyCount "89"]
[EventDate "2010.01.10"]
[EventType "team-tourn"]
[EventRounds "9"]
[EventCountry "POL"]
[SourceTitle "EXT 2019"]
[Source "ChessBase"]
[SourceDate "2018.10.10"]
[SourceVersion "1"]
[SourceVersionDate "2018.10.10"]
[SourceQuality "1"]
[WhiteTeam "Turek Tecza"]
[BlackTeam "Konin UKS Smecz"]
[WhiteTeamCountry "POL"]
[BlackTeamCountry "POL"]

1. d4 d5 2. Nf3 Nf6 3. c4 c6 4. cxd5 cxd5 5. Nc3 Nc6 6. Bf4 Qb6 7. e3 a6 8. Qb3 Qxb3 9. axb3 Bd7 10. Bd3 Rc8 11. 0-0 e6 12. Rfc1 Nh5 13. Bg3 Nxg3 14. hxg3 f5 15. Na4 Bd6 16. Nc5 Rc7 17. Rc3 Ke7 18. Rac1 Nb4 19. Bb1 Rd8 20. Ne1 Bb5 21. Ned3 Bxd3 22. Nxd3 Rxc3 23. Rxc3 Nxd3 24. Bxd3 h6 25. Be2 Kd7 26. g4 g6 27. Rc1 Rc8 28. Rxc8 Kxc8 29. gxf5 gxf5 30. Kf1 Bb4 31. Bh5 Bd2 32. Ke2 Bc1 33. f3 Kd7 34. Kd3 Bxb2 35. e4 f4 36. exd5 exd5 37. Bg4+ Kd6 38. Bc8 Kc6 39. Be6 b6 40. Bf7 Kd6 41. Be8 Bc1 42. Bf7 Be3 43. Be8 Bf2 44. Kc3 b5 45. Kd3 1/2-1/2

[Event "POL-chT4B 0910"]
[Site "Wielkoposka"]
[Date "2010.01.10"]
[Round "2"]
[White "Nawrocki, Przemyslaw"]
[Black "Mikolajczyk, Radoslaw"]
[Result "0-1"]
[WhiteElo "2036"]
[BlackElo "1600"]
[PlyCount "116"]
[EventDate "2010.01.10"]
[EventType "team-tourn"]
[EventRounds "9"]
[EventCountry "POL"]
[SourceTitle "EXT 2019"]
[Source "ChessBase"]
[SourceDate "2018.10.10"]
[SourceVersion "1"]
[SourceVersionDate "2018.10.10"]
[SourceQuality "1"]
[WhiteTeam "Turek Tecza"]
[BlackTeam "Gniezno LKS Chrobry III"]
[WhiteTeamCountry "POL"]
[BlackTeamCountry "POL"]

1. d4 Nf6 2. Nf3 g6 3. c4 Bg7 4. Nc3 d6 5. e4 0-0 6. Be2 Nc6 7. 0-0 e5 8. d5 Ne7 9. b4 a5 10. Ba3 axb4 11. Bxb4 b6 12. a4 Nd7 13. a5 bxa5 14. Bxa5 Nc5 15. Qc2 Bd7 16. Bb4 Na6 17. Ba3 f5 18. Nd2 f4 19. Nb3 g5 20. h3 f3 21. Bxf3 Rxf3 22. gxf3 Bxh3 23. Rfb1 Ng6 24. Ne2 Qf6 25. Nd2 Nf4 26. Nf1 g4 27. Rb3 Nc5 28. Re3 Bh6 29. fxg4 Nxe2+ 30. Qxe2 Bxe3 31. Qxe3 Bxg4 32. Nh2 Bh5 33. Kh1 Kh8 34. Bb2 Rxa1+ 35. Bxa1 Na4 36. f4 Kg8 37. Qg3+ Qg6 38. Qe3 exf4 39. Qxf4 Nc5 40. e5 Qb1+ 41. Qf1 Bf3+ 42. Kg1 Qg6+ 43. Kf2 Ne4+ 44. Ke3 Qg5+ 45. Kxf3 Nd2+ 46. Ke2 Nxf1 47. Nxf1 Qg2+ 48. Ke1 dxe5 49. Bc3 Qc2 50. Bd2 Qxc4 51. Ne3 Qe4 52. Kf2 h5 53. Be1 h4 54. Ba5 Qf4+ 55. Ke2 e4 56. Be1 Qf3+ 57. Kd2 h3 58. d6 cxd6 0-1

[Event "Poznan op-A 18th"]
[Site "Poznan"]
[Date "2009.07.19"]
[Round "1"]
[White "Przybylski, Wojciech"]
[Black "Nawrocki, Przemyslaw"]
[Result "1-0"]
[WhiteElo "2328"]
[BlackElo "2040"]
[PlyCount "97"]
[EventDate "2009.07.19"]
[EventType "swiss"]
[EventRounds "9"]
[EventCountry "POL"]
[SourceTitle "CBM 131 Extra"]
[Source "ChessBase"]
[SourceDate "2009.09.03"]
[SourceVersion "2"]
[SourceVersionDate "2009.09.16"]
[SourceQuality "1"]

1. e4 c5 2. Nf3 d6 3. d4 cxd4 4. Nxd4 Nf6 5. Nc3 a6 6. Be3 e6 7. g4 h6 8. Bg2 e5 9. Nf5 g6 10. Qe2 gxf5 11. exf5 Qa5 12. f4 Nc6 13. 0-0-0 Bd7 14. g5 hxg5 15. fxg5 0-0-0 16. gxf6 Bxf5 17. Qf2 Nd4 18. Rxd4 exd4 19. Bxd4 Be6 20. Bb6 Qg5+ 21. Kb1 Rd7 22. h4 Qf5 23. Qe2 Qxf6 24. Nd5 Bxd5 25. Qe8+ Rd8 26. Bxd8 Qxd8 27. Qxd8+ Kxd8 28. Bxd5 Kc7 29. Bxf7 Rh6 30. h5 Rf6 31. Bd5 Bh6 32. a3 Rf5 33. Be4 Rf4 34. Bd3 d5 35. Re1 Kd6 36. Ka2 Rf6 37. Kb3 Kc5 38. Re7 Kc6 39. a4 Bf4 40. Bg6 b5 41. a5 Bd2 42. c3 Bc1 43. Kc2 Bf4 44. Ra7 Kc5 45. b4+ Kd6 46. Rxa6+ Ke5 47. Ra8 d4 48. Re8+ Kd5 49. Be4+ 1-0

[Event "Chojnice op-B 4th"]
[Site "Chojnice"]
[Date "2008.07.18"]
[Round "9"]
[White "Szmidt, Przemyslaw"]
[Black "Nawrocki, Przemyslaw"]
[Result "1-0"]
[WhiteElo "1968"]
[BlackElo "1997"]
[PlyCount "101"]
[EventDate "2008.07.12"]
[EventType "swiss"]
[EventRounds "9"]
[EventCountry "POL"]
[SourceTitle "EXT 2018"]
[Source "ChessBase"]
[SourceDate "2017.10.13"]
[SourceVersion "1"]
[SourceVersionDate "2017.10.13"]
[SourceQuality "1"]

1. e4 c5 2. a3 g6 3. d3 Bg7 4. Nf3 Nc6 5. g3 e6 6. Bg2 Nge7 7. 0-0 0-0 8. Re1 d6 9. Nbd2 Rb8 10. h4 b5 11. h5 a5 12. Nf1 d5 13. h6 Bh8 14. e5 d4 15. N1h2 Nd5 16. Ng4 Qc7 17. Bg5 f5 18. exf6 Nxf6 19. Bf4 Qd8 20. Nxf6+ Qxf6 21. Bxb8 Nxb8 22. Qe2 Nc6 23. Nd2 Ne5 24. f4 Nf7 25. Bh3 Re8 26. Ne4 Nxh6 27. Ng5 Nf5 28. Bxf5 Qxf5 29. Qe4 Qg4 30. Qf3 Qxf3 31. Nxf3 Bb7 32. Ne5 Bd5 33. a4 b4 34. b3 Bxe5 35. Rxe5 Kf7 36. Kf2 Rh8 37. Rae1 Rd8 38. g4 Kf6 39. R1e2 Rg8 40. Kg3 Kf7 41. Rh2 Rg7 42. Kh4 Kf6 43. Rhe2 Rd7 44. Kg3 Kf7 45. Rh2 Kf6 46. Rh6 Rg7 47. Re2 Kf7 48. Kh4 Kf6 49. Rh2 Bf3 50. Kg3 Bd1 51. Rd2 1-0

[Event "Chojnice op-B 4th"]
[Site "Chojnice"]
[Date "2008.07.16"]
[Round "7"]
[White "Puczylowski, Marcin"]
[Black "Nawrocki, Przemyslaw"]
[Result "1-0"]
[WhiteElo "1958"]
[BlackElo "1997"]
[PlyCount "60"]
[EventDate "2008.07.12"]
[EventType "swiss"]
[EventRounds "9"]
[EventCountry "POL"]
[SourceTitle "EXT 2018"]
[Source "ChessBase"]
[SourceDate "2017.10.13"]
[SourceVersion "1"]
[SourceVersionDate "2017.10.13"]
[SourceQuality "1"]

1. e4 c5 2. Nf3 a6 3. d4 cxd4 4. Nxd4 d6 5. Nc3 Nf6 6. Bg5 e6 7. f4 Nbd7 8. Qf3 h6 9. Bxf6 Nxf6 10. 0-0-0 Qa5 11. g4 e5 12. Nb3 Bxg4 13. Qg2 Qc7 14. fxe5 dxe5 15. Rd2 Bd7 16. Be2 0-0-0 17. Rhd1 g6 18. Qf2 Be7 19. Kb1 Kb8 20. Nd5 Nxd5 21. exd5 Bf5 22. Ka1 Bd6 23. a3 Rc8 24. c4 e4 25. Rd4 Qb6 26. Ka2 Be5 27. c5 Rxc5 28. Rb4 Rc2 29. Rxb6 Rxb2+ 30. Ka1 Rxe2+ 1-0

[Event "Kowalewo Pomorskie op-B"]
[Site "Kowalewo Pomorskie"]
[Date "2008.07.04"]
[Round "1.1"]
[White "Nawrocki, Przemyslaw"]
[Black "Ryngwelski, Olaf"]
[Result "1/2-1/2"]
[WhiteElo "1997"]
[BlackElo "1786"]
[PlyCount "71"]
[EventDate "2008.07.04"]
[EventType "swiss"]
[EventRounds "9"]
[EventCountry "POL"]
[SourceTitle "EXT 2023"]
[Source "ChessBase"]
[SourceDate "2022.10.05"]
[SourceVersion "1"]
[SourceVersionDate "2022.10.05"]
[SourceQuality "1"]

1. d4 c5 2. Nf3 d5 3. g3 Nf6 4. Bg2 Nc6 5. 0-0 Bf5 6. c4 dxc4 7. Qa4 Bd7 8. dxc5 g6 9. Rd1 Qc8 10. Qxc4 Bg7 11. Bd2 0-0 12. Na3 Be6 13. Qc1 Ne4 14. Bh6 Bxh6 15. Qxh6 f6 16. b4 Nc3 17. Rd2 Nxb4 18. Nd4 Bd5 19. Bxd5+ Ncxd5 20. Nc4 Rd8 21. Rc1 Nc6 22. Nf3 Qe6 23. h4 Nc7 24. h5 Rxd2 25. hxg6 hxg6 26. Qxg6+ Kf8 27. Ncxd2 Qxe2 28. Rc4 Ne8 29. Qh6+ Kf7 30. Qh7+ Ng7 31. Rg4 Rg8 32. Ne4 Ne5 33. Nxe5+ fxe5 34. Rxg7+ Rxg7 35. Qf5+ Kg8 36. Qc8+ 1/2-1/2

[Event "Poznan op-B 16th"]
[Site "Poznan"]
[Date "2007.07.22"]
[Round "2.12"]
[White "Nawrocki, Przemyslaw"]
[Black "Nawracala, Tomasz"]
[Result "1/2-1/2"]
[WhiteElo "1967"]
[BlackElo "1800"]
[PlyCount "86"]
[EventDate "2007.07.21"]
[EventType "swiss"]
[EventRounds "9"]
[EventCountry "POL"]
[SourceTitle "EXT 2023"]
[Source "ChessBase"]
[SourceDate "2022.10.05"]
[SourceVersion "1"]
[SourceVersionDate "2022.10.05"]
[SourceQuality "1"]

1. d4 Nf6 2. c4 e6 3. Nc3 b6 4. e4 d6 5. Bd3 Bb7 6. Nge2 d5 7. f3 dxc4 8. Bxc4 c5 9. 0-0 cxd4 10. Nxd4 Bc5 11. Be3 0-0 12. Na4 Be7 13. Rc1 Nbd7 14. Bxe6 fxe6 15. Nxe6 Qe8 16. Nxf8 Bxf8 17. Rc7 Ba6 18. Qb3+ Kh8 19. Rd1 Be7 20. Qe6 Bc8 21. Nc3 Bc5 22. Qxe8+ Nxe8 23. Rxc5 bxc5 24. e5 Nxe5 25. Bxc5 Bb7 26. f4 Nc6 27. Rd7 Bc8 28. Rf7 Nf6 29. Rc7 Bd7 30. b4 a6 31. h3 Rc8 32. Rb7 Rb8 33. Rc7 Nxb4 34. g4 Nd3 35. Bd4 Rc8 36. Ra7 Bb5 37. g5 Ne8 38. f5 Nf4 39. Kh2 Kg8 40. a4 Bd3 41. f6 gxf6 42. gxf6 Rc7 43. Ra8 Kf7 1/2-1/2

[Event "POL-chT 2nd League"]
[Site "Polanica Zdroj"]
[Date "2004.09.10"]
[Round "9"]
[White "Kulesza, Krzysztof"]
[Black "Nawrocki, Przemyslaw"]
[Result "1-0"]
[WhiteElo "2225"]
[BlackElo "1800"]
[PlyCount "60"]
[EventDate "2004.09.04"]
[EventType "team-swiss"]
[EventRounds "11"]
[EventCountry "POL"]
[SourceTitle "CBM 102 Extra"]
[Source "ChessBase"]
[SourceDate "2004.11.03"]
[SourceVersion "1"]
[SourceVersionDate "2004.11.03"]
[SourceQuality "1"]
[WhiteTeam "Milanowek UKS Jedwabnik"]
[BlackTeam "Turek Tecza"]
[WhiteTeamCountry "POL"]
[BlackTeamCountry "POL"]

1. c4 Nf6 2. Nc3 g6 3. e4 d6 4. d4 Bg7 5. f3 0-0 6. Be3 c6 7. Bd3 e5 8. d5 cxd5 9. cxd5 Nh5 10. Nge2 f5 11. exf5 gxf5 12. Qd2 Nf6 13. 0-0 Qe7 14. Bg5 Na6 15. Ng3 f4 16. Nf5 Qc7 17. Rac1 Qb6+ 18. Kh1 Nc5 19. Bb1 Rf7 20. Bh4 Bf8 21. Bf2 Ne8 22. Ne4 Qb5 23. Nfxd6 Nxd6 24. Nxc5 a6 25. Ne6 Bxe6 26. dxe6 Rf6 27. a4 Qe8 28. Rc7 Be7 29. Ba2 Qd8 30. Rfc1 Qf8 1-0